[Event "Aurec Cup"]
[Site "Aurec"]
[Date "2002.06.16"]
[Round "5"]
[White "Mialon, Franck"]
[Black "Viossat, Cyrille"]
[Result "0-1"]
[WhiteElo "1280"]
[BlackElo "1960"]
[PlyCount "52"]
[EventDate "2002.06.??"]
[EventType "team"]
[EventRounds "5"]
[EventCountry "FRA"]
[SourceTitle "EXT 2004"]
[Source "ChessBase"]
[SourceDate "2003.11.25"]
[SourceVersion "1"]
[SourceVersionDate "2003.11.25"]
[SourceQuality "1"]

1. e4 c5 2. Nf3 Nc6 3. Bb5 d6 4. Bxc6+ bxc6 5. 0-0 e5 6. c3 Nf6 7. d4 Nxe4 8. dxe5 d5 9. Nbd2 Nxd2 10. Bxd2 Bg4 11. h3 Bh5 12. g4 Bg6 13. Bg5 Be7 14. Bxe7 Qxe7 15. e6 fxe6 16. Ne5 Rc8 17. Qa4 0-0 18. Qd1 Qg5 19. Nxg6 Qxg6 20. f4 h5 21. Kh2 hxg4 22. Rg1 Rxf4 23. Qd2 Rcf8 24. Rg2 g3+ 25. Rxg3 Rf2+ 26. Qxf2 Rxf2+ 0-1